• 首页
  • 本馆介绍
  • 公告通知
  • 最新文献
  • 馆藏检索
  • 电子资源
  • 读者导购
  • 参考咨询
  • 我的图书馆
  • 登录
  • 详细信息显示
  • 放入我的书架
  • 预约/预借图书
  • 作者相关作品
  • 分类相关作品
  • 丛书相关作品
  • 出版社相关作品

书目信息

  • 表格格式
  • 工作单格式
  • 卡片格式
题名:
科技战略导论
    
 
作者: 陈益升 著
分册:  
出版信息: 北京   时事出版社  1986
页数: 246页
开本: 19cm
丛书名: 科技、经济、法律丛书
单 册:
中图分类: G303 , G30
科图分类:
主题词: 科学技术--理论 , 科学研究--理论
电子资源:
ISBN:
000 00773nam2 2200301 45
001 0186018885
005 20040430103425.0
010    @dCNY1.60
091    @a4225.022
100    @a19900726d1986 mk y0chiy0121 ea
101 0  @achi
102    @aCN@b110000
105    @ay z 000yy
106    @ar
200 10 @a科技战略导论@Ake ji zhan lue dao lun@f陈益升著
210    @a北京@c时事出版社@d1986
215    @a246页@d19cm
225 2  @a科技、经济、法律丛书
410  0 @120010@a科技、经济、法律丛书
606    @a科学技术@x理论
606 0  @a科学研究@x理论
610 0  @a科学战略
690    @aG303@v3
690    @aG30
701  0 @a陈益升@Achen yi sheng@4著
801  0 @aCN@b深圳图书馆@c20040430
801  2 @aCN@bNLC@c20040430
905    @f2@b171669-670@dG30@e49
    
    科技战略导论/陈益升著.-北京:时事出版社,1986
    246页;19cm.-(科技、经济、法律丛书)
    
    
    ISBN :CNY1.60
    
●
相关链接 在E读中查询图书 在五车中查询图书 在当当中查询图书 在豆瓣中查询图书


正题名:科技战略导论     索取号:G30/49         预约/预借

序号 登录号 条形码 馆藏地/架位号 状态 备注
1 0171669   000987070   密集书库/ [索取号:G30/49] 在馆    
2 0171670   000987061   第一样本阅览室/ [索取号:G30/49] 在馆    
唐山师范学院图书馆 欢迎您!
大连网信软件有限公司© 版权所有